书目信息 |
| 题名: |
煤炭资源勘查煤质评价报告编写方法
|
|
| 作者: | 孔令海 著 | |
| 分册: | ||
| 出版信息: | 北京 北京理工大学出版社有限责任公司 2016.06 |
|
| 页数: | 243页 | |
| 开本: | 24cm | |
| 丛书名: | ||
| 单 册: | ||
| 中图分类: | P618.110.8 | |
| 科图分类: | ||
| 主题词: | 煤炭资源--地质勘探--研究报告--编写 | |
| 电子资源: | ||
| ISBN: | 978-7-5682-2457-4 | |
| 000 | 00874nam0 2200217 450 | |
| 001 | 4647 | |
| 005 | 20181012145732.57 | |
| 010 | @a978-7-5682-2457-4@dCNY48.00 | |
| 100 | @a20160923d2016 em y0chiy50 ea | |
| 101 | 0 | @achi |
| 102 | @aCN@b110000 | |
| 105 | @ak z 000yy | |
| 200 | 1 | @a煤炭资源勘查煤质评价报告编写方法@9mei tan zi yuan kan cha mei zhi ping jia bao gao bian xie fang fa@f孔令海等著 |
| 210 | @a北京@c北京理工大学出版社有限责任公司@d2016.06 | |
| 215 | @a243页@d24cm | |
| 330 | @a本书详细介绍了煤炭资源勘查煤质评价报告的编写方法,涵盖了所涉及的有关煤质规范和标准,着重于煤炭资源勘查煤质工作内容与方法以及资料整理、汇总与审查,并按煤质评价报告编写内容、顺序、方法做了介绍。 | |
| 606 | 0 | @a煤炭资源@x地质勘探@x研究报告@x编写 |
| 690 | @aP618.110.8@v5 | |
| 701 | 0 | @a孔令海@9kong ling hai@4著 |
| 801 | 0 | @aCN@b91MARC@c20160923 |
| 905 | @aMuseLib@dP618.110.8@e91 | |
| 煤炭资源勘查煤质评价报告编写方法/孔令海等著.-北京:北京理工大学出版社有限责任公司,2016.06 |
| 243页;24cm |
| ISBN 978-7-5682-2457-4:CNY48.00 |
| 本书详细介绍了煤炭资源勘查煤质评价报告的编写方法,涵盖了所涉及的有关煤质规范和标准,着重于煤炭资源勘查煤质工作内容与方法以及资料整理、汇总与审查,并按煤质评价报告编写内容、顺序、方法做了介绍。 |
| ● |
| 相关链接 |
|
|
|
|
正题名:煤炭资源勘查煤质评价报告编写方法
索取号:P618.110.8/91
 
预约/预借
| 序号 | 登录号 | 条形码 | 馆藏地/架位号 | 状态 | 备注 |
| 1 | 1126109 | 211261098 | 第二样本阅览室/ [索取号:P618.110.8/91] | 在馆 | |
| 2 | 1126110 | 211261105 | 密集书库-资源管理系/ [索取号:P618.110.8/91] | 在馆 | |
| 3 | 1126111 | 211261114 | 第三借阅区/ [索取号:P618.110.8/91] | 在馆 |